000 00437cam a2200133 a 4500
020 _a0023471506
050 0 0 _aHD 3616.U47
_bG76 1993
100 1 _aGreer, Douglas F.
245 1 0 _aBusiness, government, and society /
_cDouglas F. Greer.
250 _a3rd ed.
260 _aNew York :
_bMacmillan ;
_aToronto :
_bCollier Macmillan Canada ;
_aNew York :
_bMaxwell Macmillan International,
_cc1993.
300 _axviii, 606 p. :
942 _2lcc
_cGEN
999 _c5563
_d5563